Southville International School and Colleges
Your cart is empty.
  • Cart
  • Lists
    Public lists Eva Luna New books Lux_list list_1
    Your lists Log in to create your own lists
  • Log in to your account
  • Your cookies
  • Search history
Southville International School and Colleges
  • Advanced search
  • Recent comments
  • Most popular
  • Libraries

Log in to your account

Log in with GOOGLE


If you do not have an external account, but do have a local account, you can still log in:

  1. Home
  2. MARC view: Robinson Crusoe /
Normal view MARC view ISBD view

Robinson Crusoe / (Record no. 42919)

[ view plain ]
MARC details
000 -LEADER
fixed length control field 00882cam a2200289 a 4500
003 - CONTROL NUMBER IDENTIFIER
control field OSt
005 - DATE AND TIME OF LATEST TRANSACTION
control field 20140311163218.0
008 - FIXED-LENGTH DATA ELEMENTS--GENERAL INFORMATION
fixed length control field 930504s1992 ilua j 000 1 eng
010 ## - LIBRARY OF CONGRESS CONTROL NUMBER
LC control number 93149032
020 ## - INTERNATIONAL STANDARD BOOK NUMBER
International Standard Book Number 089434126X
040 ## - CATALOGING SOURCE
Original cataloging agency DLC
Transcribing agency DLC
Modifying agency DLC
042 ## - AUTHENTICATION CODE
Authentication code lcac
050 00 - LIBRARY OF CONGRESS CALL NUMBER
Classification number PZ 7
Item number .D36Ro 2011
100 1# - MAIN ENTRY--PERSONAL NAME
Personal name Defoe, Daniel,
Dates associated with a name 1661?-1731.
9 (RLIN) 29475
245 10 - TITLE STATEMENT
Title Robinson Crusoe /
Statement of responsibility, etc Daniel Defoe.
260 ## - PUBLICATION, DISTRIBUTION, ETC. (IMPRINT)
Place of publication, distribution, etc Chicago, Ill. :
Name of publisher, distributor, etc J.G. Ferguson Pub. Co.,
Date of publication, distribution, etc 1958.
300 ## - PHYSICAL DESCRIPTION
Extent 278 p. :
Other physical details ill. ;
Dimensions 22 cm.
521 ## - TARGET AUDIENCE NOTE
Target audience note
526 ## - STUDY PROGRAM INFORMATION NOTE
Reading level 1320
650 #0 - SUBJECT ADDED ENTRY--TOPICAL TERM
Topical term or geographic name as entry element Crusoe, Robinson (Fictitious character)
Form subdivision Juvenile fiction.
9 (RLIN) 29476
650 #1 - SUBJECT ADDED ENTRY--TOPICAL TERM
Topical term or geographic name as entry element Shipwrecks
Form subdivision Fiction.
9 (RLIN) 29477
650 #1 - SUBJECT ADDED ENTRY--TOPICAL TERM
Topical term or geographic name as entry element Survival
Form subdivision Fiction.
9 (RLIN) 29478
906 ## - LOCAL DATA ELEMENT F, LDF (RLIN)
a 7
b cbc
c orignew
d 2
e ncip
f 19
g y-gencatlg
942 ## - ADDED ENTRY ELEMENTS (KOHA)
Source of classification or shelving scheme Library of Congress Classification
Koha item type Books
Holdings
Withdrawn status Lost status Source of classification or shelving scheme Damaged status Home library Current library Shelving location Date acquired Total Checkouts Full call number Barcode Date last seen Copy number Price effective from Koha item type
    Library of Congress Classification   Munich Library Munich Library Scholastic Reading Center Section 03/10/2014   PZ 7 .D36Ro 2011 MS1248 03/10/2014 1 03/10/2014 Books

Robinson Crusoe /

APA

Defoe D., . (1958). Robinson Crusoe. Chicago, Ill: J.G. Ferguson Pub. Co.

Chicago

Defoe Daniel, . 1958. Robinson Crusoe. Chicago, Ill: J.G. Ferguson Pub. Co.

Harvard

Defoe D., . (1958). Robinson Crusoe. Chicago, Ill: J.G. Ferguson Pub. Co.

MLA

Defoe Daniel, . Robinson Crusoe. Chicago, Ill: J.G. Ferguson Pub. Co. 1958.

  • Place hold
  • Print
  • Cite
  • Add to your cart (remove)
  • Save record
    BIBTEX Dublin Core MARCXML MARC (non-Unicode/MARC-8) MARC (Unicode/UTF-8) MARC (Unicode/UTF-8, Standard) MODS (XML) RIS
  • More searches
    Search for this title in:
    Other Libraries (WorldCat) Other Databases (Google Scholar) Online Stores (Bookfinder.com) Open Library (openlibrary.org)

Exporting to Dublin Core...

SOUTHVILLE LIBRARY

Southville International School and Colleges Library

1281 Tropical Ave. Cor. Luxembourg St., BF Homes International, Las Pinas City

Tel. No. 8256374 / 252358 Loc. 117/146

Powered by Koha